5 Oldest Countries by Continent - Statistics

General Stats
  • This quiz has been taken 72 times
  • The average score is 15 of 26
Answer Stats
Continent Year Created Oldest Countries by Continent % Correct
1800 BC China
90%
Americas 1783 United States of America
90%
1922 Egypt
88%
650 BC Japan
83%
1821 Mexico
83%
Oceania 1901 Australia
82%
1850 BC India
78%
1967 New Zealand
78%
Africa 980 BC Ethiopia
75%
843 France
75%
1970 Fiji
70%
3200 BC Iran
67%
970 Sweden
62%
1931 South Africa
60%
1970 Tonga
57%
1816 Argentina
55%
1804 Haiti
53%
1847 Liberia
50%
1962 Samoa
50%
1951 Libya
40%
1968 Nauru
37%
1811 Paraguay
37%
Asia 3200 BC Afghanistan
32%
1000 Hungary
30%
Europe 768 Serbia
12%
895 Czech Republic
5%
No matching quizzes found
Score Distribution
Percent of People with Each Score
Percentile by Number Answered
Your Score History
You have not taken this quiz